00873nas a2200253 4500001001300000003000900013005001700022007000300039008003400042040005400076041000900130072000800139100001600147100001700163100001700180100001700197245018700214650001500401650001300416650001500429650001500444773011200459856004800571BR2015001715BR-BrBNA20231205125135.0ta230509b bl.|||p| |||| 00| 00por d aBR-BrBNAbporcBiblioteca Nacional de Agricultura a(En) aL701 aMoura, L.N.1 aNeumann, E. 1 aVieira, L.Q.1 aNicoli, J.R.1 aProtection by Lactobacillus acidophilus UFV-H2B20 against experimental oral infection with Salmonella enterica subsp. enterica Ser. Typhimurium in gnotobiotic and conventional miceb aCAMUNDONGO aBACTERIA aSALMONELLA aIMUNOLOGIA0 tBrazilian Journal of Microbiology (Brazil)xISSN 1517-8382g(Jan-Mar 2001), v. 32(1) p. 66-69wBR201500171540uhttp://www.scielo.br/pdf/bjm/v32n1/5035.pdf